书目信息 |
| 题名: |
朴槿惠
|
|
| 作者: | 姜尧植 著 ;杨帆 , 郭汉东 译 | |
| 分册: | ||
| 出版信息: | 北京 龙门书局 2013.03 |
|
| 页数: | 218页 | |
| 开本: | 23cm | |
| 丛书名: | ||
| 单 册: | ||
| 中图分类: | K833.126.7=6 | |
| 科图分类: | ||
| 主题词: | ||
| 电子资源: | ||
| ISBN: | 978-7-5088-4029-1 | |
| 000 | 01126nam0 2200325 450 | |
| 001 | 010010112117 | |
| 005 | 20130504093659.83 | |
| 010 | @a978-7-5088-4029-1@dCNY39.00 | |
| 100 | @a20130315d2013 em y0chiy50 ea | |
| 101 | 1 | @achi@ckor |
| 102 | @aCN@b110000 | |
| 105 | @aa z 000yb | |
| 106 | @ar | |
| 200 | 1 | @a朴槿惠@9pu jin hui@e嫁给韩国的女人@f(韩)姜尧植著@g杨帆,郭汉东译 |
| 210 | @a北京@c龙门书局@d2013.03 | |
| 215 | @a218页@c照片@d23cm | |
| 305 | @a由韩国MIDAS BOOKS授权 | |
| 312 | @a封面英文题名:Park Geun-hye "I am married to Korea" | |
| 330 | @a本书主要内容包括:我是朴槿惠;朴槿惠背后的男人们;朴槿惠的领导风格;朴槿惠有话要说;网络社交也是一种政治等。 | |
| 333 | @a一般读者 | |
| 510 | 1 | @aPark Geun-hye "I am married to Korea"@zeng |
| 517 | 1 | @a嫁给韩国的女人@9jia gei han guo de nu^ ren |
| 600 | 0 | @a朴槿惠@f(1952-)@x生平事迹 |
| 600 | 0 | @a朴槿惠@f(1952-) |
| 690 | @aK833.126.7=6@v5 | |
| 701 | 0 | @c(韩)@a姜尧植@9jiang yao zhi@4著 |
| 702 | 0 | @a杨帆@9yang fan@4译 |
| 702 | 0 | @a郭汉东@9guo han dong@4译 |
| 801 | 0 | @aCN@b人天书店@c20130315 |
| 905 | @b542986-90@dK833.126.7=6@e720JQ@f5 | |
| 朴槿惠:嫁给韩国的女人/(韩)姜尧植著/杨帆,郭汉东译.-北京:龙门书局,2013.03 |
| 218页:照片;23cm |
| 使用对象:一般读者 |
| ISBN 978-7-5088-4029-1:CNY39.00 |
| 本书主要内容包括:我是朴槿惠;朴槿惠背后的男人们;朴槿惠的领导风格;朴槿惠有话要说;网络社交也是一种政治等。 |
| ● |
| 相关链接 |
|
|
|
|
正题名:朴槿惠
索取号:K833.126.7=6/720JQ
 
预约/预借
| 序号 | 登录号 | 条形码 | 馆藏地/架位号 | 状态 | 备注 |
| 1 | 542986 | 205429865 | 第二样本阅览室/ [索取号:K833.126.7=6/720JQ] | 在馆 | |
| 2 | 542987 | 205429874 | 密集书库-史法系/ [索取号:K833.126.7=6/720JQ] | 在馆 | |
| 3 | 542988 | 205429883 | 密集书库-史法系/ [索取号:K833.126.7=6/720JQ] | 在馆 | |
| 4 | 542989 | 205429892 | 第二借阅区/ [索取号:K833.126.7=6/720JQ] | 在馆 | |
| 5 | 542990 | 205429909 | 第二借阅区/ [索取号:K833.126.7=6/720JQ] | 在馆 |